Review of soil research in India

Contents: Soil physics; soil chemistry; soil biology biochemistry; soil fertility and plant nutrition.

में बचाया:
ग्रंथसूची विवरण
स्वरूप: पुस्तक
भाषा:Undetermined
प्रकाशित: New Delhi International Congress of Soil Science 1982
विषय:
टैग : टैग जोड़ें
कोई टैग नहीं, इस रिकॉर्ड को टैग करने वाले पहले व्यक्ति बनें!
Thư viện lưu trữ: Trung tâm Học liệu Trường Đại học Cần Thơ
LEADER 00651nam a2200181Ia 4500
001 CTU_138558
008 210402s9999 xx 000 0 und d
082 |a 631.4 
082 |b R454/P.1 
245 0 |a Review of soil research in India 
245 0 |c Managing Soil Resources to meet the challenges to mankind 
260 |a New Delhi 
260 |b International Congress of Soil Science 
260 |c 1982 
520 |a Contents: Soil physics; soil chemistry; soil biology biochemistry; soil fertility and plant nutrition. 
650 |a Soil science,Khoa học đất 
904 |i Tuyến 
980 |a Trung tâm Học liệu Trường Đại học Cần Thơ